[Event "HCL-A2617"]
[Site "www.playchess.de"]
[Date "2006.03.13"]
[Round "27"]
[White "victorabiodun03"]
[Black "GCP"]
[WhiteElo "1579"]
[BlackElo "1462"]
[PlyCount "47"]
[Result "1/2-1/2"]

1.f4 d5 {nice to meet you in the "arena" ...}  
2.Nf3 {same here too}  Nf6 {I've seen you make up 
for your lost time}  3.e3 Bg4 4.d4 {and there you 
are nicking the points off me again}  Nbd7 {I 
don't believe it ... our score is clear: 2 win 
(for Time Over !!!) 3 draw and 6 lost games on my 
side ... but all with pleasure :))}  5.Bd3 g6 
6.O-O Bg7 7.Nbd2 O-O 8.c3 c5 9.Qe1 Bxf3 10.Rxf3 
Re8 11.f5 c4 12.Bc2 e5 13.fxe6 Rxe6 14.Nf1 b5 
15.Ng3 Qe7 16.Bd2 Re8 17.Rd1 Ng4 18.Nf1 Bh6 19.h3 
{why are you so intrigued with my pawn}  Nxe3 {I 
don't see anything else so interesting among your 
chess pieces !!!}  20.Nxe3 Bxe3+ 21.Bxe3 Rxe3 
22.Rxe3 Qxe3+ 23.Qxe3 Rxe3 24.Kf2 {(offering 
draw)}  1/2-1/2

[Event "HCL-A2632"]
[Site "www.playchess.de"]
[Date "2006.03.13"]
[Round "9"]
[White "victorabiodun03"]
[Black "redstar"]
[WhiteElo "1583"]
[BlackElo "1666"]
[PlyCount "55"]
[Result "1-0"]

1.f4 Nf6 2.Nf3 g6 3.e3 Bg7 4.d4 d6 5.Bd3 O-O 6.O-O 
Bg4 7.Nbd2 Nbd7 8.c3 Nd5 9.Qe1 Re8 10.Qg3 Nxe3 
11.Re1 Bxf3 12.Qxf3 Nf5 13.Bxf5 gxf5 14.Qxb7 e5 
15.fxe5 dxe5 16.dxe5 Bxe5 17.Nf3 Bxh2+ 18.Kxh2 
Rxe1 19.Bg5 Rxa1 20.Bxd8 Rxd8 21.Qxc7 Rf8 22.Qxd7 
Rxa2 23.Qxf5 h6 24.b4 Re8 25.Ne5 Re7 26.c4 Ra6 
27.b5 Rae6 28.Nxf7 1-0

[Event "HCL-C4134"]
[Site "www.playchess.de"]
[Date "2006.03.13"]
[Round "21"]
[White "foxcar"]
[Black "Azimut"]
[WhiteElo "1221"]
[BlackElo "800"]
[PlyCount "96"]
[Result "0-1"]

1.d4 {Hi, have a good game, bon chance!}  e6 
{Hello, please to meet you and good luck to you 
too. Oh... Sorry because I'm not a strong 
player... :-)}  2.e4 b6 3.Be3 Bb7 4.Bd3 g6 5.Nf3 
d6 6.d5 Bg7 7.c3 h6 8.dxe6 fxe6 9.O-O Ne7 10.Bc2 
Nd7 11.Bd4 Bxd4 12.Qxd4 e5 13.Qc4 a5 14.Nbd2 Ba6 
15.Qe6 Bxf1 16.Nxf1 Nc5 17.Qg4 Qd7 18.Ne3 Qxg4 
19.Nxg4 O-O-O 20.b4 Nb7 21.bxa5 Nxa5 22.Nd2 c5 
23.Ne3 Rhf8 24.Ndc4 Nxc4 25.Nxc4 Kc7 26.Rb1 Rdb8 
27.f3 Rfd8 28.Rb3 Nc6 29.Kf2 Na5 30.Ne3 Nxb3 
31.Bxb3 Kb7 32.Nd5 b5 33.Ne7 c4 34.Bd1 g5 35.Nf5 
h5 36.Ne3 Rba8 37.a4 bxa4 38.Nxc4 a3 39.Nd2 a2 
40.Nb3 a1Q 41.Nxa1 Rxa1 42.Be2 Ra2 43.h3 Rc8 44.g3 
Rxc3 45.h4 gxh4 46.gxh4 Rcc2 47.Ke3 Rcxe2+ 48.Kd3 
Reh2 0-1

[Event "HCL-B3711"]
[Site "www.playchess.de"]
[Date "2006.03.13"]
[Round "2"]
[White "mel"]
[Black "Alves"]
[WhiteElo "1214"]
[BlackElo "1501"]
[PlyCount "67"]
[Result "1-0"]

1.d4 {hi.}  d5 2.h3 Nc6 3.Nf3 Bf5 4.Nc3 h6 5.a3 
Nf6 6.g4 Bg6 7.Be3 e6 8.Qd2 Be7 9.g5 Ne4 10.Nxe4 
Bxe4 11.gxh6 g6 12.h4 Bxf3 13.exf3 Bxh4 14.O-O-O 
g5 15.f4 f6 16.c4 Rxh6 17.Bh3 Kf7 18.fxg5 Rg6 
19.cxd5 exd5 20.f4 fxg5 21.f5 Rg8 22.Bg4 Kf6 
23.Bf2 Rh8 24.Rhe1 Kg7 25.Re6 Bxf2 26.Qxf2 Rh6 
27.Rde1 Qf8 28.Rxh6 Kxh6 29.Re6+ Kg7 30.f6+ Kf7 
31.Qe3 Qh6 32.Qg3 Qh1+ 33.Re1 Qh7 
34.Qxc7+ 1-0

[Event "HCL-C4206"]
[Site "www.playchess.de"]
[Date "2006.03.13"]
[Round "19"]
[White "babar11000"]
[Black "Veltliner"]
[WhiteElo "800"]
[BlackElo "1279"]
[PlyCount "72"]
[Result "0-1"]

1.e3 e5 2.Qh5 d6 3.Bc4 g6 4.Qf3 Nf6 5.Nc3 Bg7 
6.Nd5 O-O 7.Nxf6+ Bxf6 8.Ne2 c6 9.b3 b5 10.Bxb5 
Bb7 11.Bb2 d5 12.Bd3 Nd7 13.c4 Qa5 14.Bc3 Qb6 
15.e4 d4 16.Bb2 Qb4 17.O-O Qxd2 18.Rab1 c5 19.Rbd1 
Qxb2 20.Rda1 Qd2 21.Ng3 Bg5 22.Rfd1 Qa5 23.Qg4 Qd8 
24.a3 Bf4 25.Rab1 Nf6 26.Qf3 a5 27.Ne2 Bh6 28.b4 
axb4 29.Qg3 Qd6 30.axb4 cxb4 31.Nxd4 Qxd4 32.Rxb4 
Ra1 33.Rxa1 Qxa1+ 34.Bb1 Nxe4 35.Qf3 Qa5 36.Rxb7 
Qe1+ 0-1

[Event "HCL-M844"]
[Site "www.playchess.de"]
[Date "2006.03.13"]
[Round "21"]
[White "marceli"]
[Black "ktln2001"]
[WhiteElo "1775"]
[BlackElo "1688"]
[PlyCount "59"]
[Result "1-0"]

1.d4 {hello & good luck from wiesbaden}  e6 
{Greetings from Kentucky in the United States.}  
2.c4 b6 3.Nc3 Bb7 4.e4 Bb4 5.f3 f5 6.e5 Nh6 7.Be3 
Nc6 8.a3 Bxc3+ 9.bxc3 Nf7 10.Nh3 Qe7 {Realize that 
I was remiss in not wishing you a Merry Christmas. 
Have a happy new year with much good chess!}  
11.Bd3 {thanks alot, I also forgot to wish you a 
happy new year.
What about the weather in Kentucky?}  Ba6 12.O-O 
Na5 {Kentucky weather is highs of around 42 
degrees Fahrenheit. Not bad weather,actually 
pleasant, but it becomes miserable when the wind 
is really blowing. What's it like in Germany?}  
13.Qe2 {german weather is the same, I just can´t 
wait for summertime}  O-O {I too am looking 
forward to summer.}  14.Nf4 d6 15.exd6 cxd6 16.Bd2 
Rae8 17.Rfe1 Nd8 18.Rab1 Nac6 19.Qf2 e5 20.Nd5 Qf7 
21.Qg3 Bc8 22.Qh4 Re6 23.Nxb6 axb6 {Ouch}  24.d5 
{not very much ouch}  Re7 25.dxc6 Nxc6 26.Rxb6 Rc7 
27.c5 Rd8 28.Rxc6 Rxc6 {A very big ouch! GM}  
29.Qxd8+ {had some good luck}  Qf8 
30.Bc4+ 1-0

[Event "HCL-B3883"]
[Site "www.playchess.de"]
[Date "2006.03.13"]
[Round "9"]
[White "Mongol"]
[Black "superyetkin"]
[WhiteElo "1384"]
[BlackElo "1290"]
[PlyCount "157"]
[Result "1-0"]

1.e4 b6 2.Nf3 Bb7 3.Nc3 e6 4.e5 Bb4 5.a3 Bxf3 
6.Qxf3 Bxc3 7.Qxa8 Bxe5 8.Qf3 Qf6 9.Qa8 c6 10.Bc4 
Ne7 11.Rf1 d5 12.d4 dxc4 13.dxe5 Qxe5+ 14.Be3 Qc7 
15.g3 e5 16.a4 O-O 17.a5 Nd7 18.axb6 Rxa8 19.bxc7 
a6 20.Rd1 Nd5 21.f4 Rc8 22.Rf3 Rxc7 23.fxe5 Nxe5 
24.Rf5 f6 25.Ke2 Nxe3 26.Kxe3 g6 27.Rf4 f5 28.Kd4 
Ng4 29.Kc5 Rb7 30.h3 Ne3 31.Rd8+ Kg7 32.Ra8 Nxc2 
33.Rxa6 Ne1 34.Rxc4 Rxb2 35.Ra7+ Kf6 36.Kxc6 h5 
37.h4 Re2 38.Kd5 Re5+ 39.Kd4 Nf3+ 40.Kc3 Re3+ 
41.Kb4 Ne5 42.Ra6+ Kg7 43.Rc7+ Kh6 44.Ra8 g5 
45.Ra6+ Ng6 46.hxg5+ Kxg5 47.Rg7 Re4+ 48.Kc3 Kg4 
49.Raxg6+ Kf3 50.Rh6 f4 51.Rhg6 Re3+ 52.Kd4 Re4+ 
53.Kd5 Re1 54.gxf4 Rd1+ 55.Kc4 Rc1+ 56.Kd3 Rc8 
57.Rd7 Kxf4 58.Ke2 Kf5 59.Rgd6 h4 60.Kf2 Rc2+ 
61.R6d2 Rc8 62.R2d5+ Ke6 63.Kg2 Rc3 64.R5d3 Rc5 
{(offering draw)}  65.Kh3 Rh5 66.R3d6+ Ke5 
67.R6d5+ Ke6 68.Rxh5 Kxd7 69.Kxh4 Ke6 {(offering 
draw)}  70.Kg4 Kf6 {(offering draw)}  71.Kf4 Kg6 
{(offering draw)}  72.Rg5+ Kf6 73.Re5 Kg6 
{(offering draw)}  74.Re3 Kf6 75.Kg4 Kf7 
{(offering draw)}  76.Kf5 Kf8 77.Kf6 Kg8 78.Kg6 
Kf8 {(offering draw)}  79.Re6 1-0

[Event "HCL-A2608"]
[Site "www.playchess.de"]
[Date "2006.03.13"]
[Round "28"]
[White "Snillie"]
[Black "stevetilbury"]
[WhiteElo "1466"]
[BlackElo "1640"]
[PlyCount "39"]
[Result "1-0"]

1.c4 g6 2.g3 Bg7 3.Bg2 c6 4.Nc3 Nf6 5.d4 O-O 6.Nf3 
d5 7.b3 Bf5 8.O-O Ne4 9.Bb2 Nd7 10.e3 Ndf6 11.Nd2 
Nxc3 12.Bxc3 Qd7 13.Re1 Rae8 14.Rc1 dxc4 15.Nxc4 
Ne4 16.Ba1 Qc7 17.g4 Nxf2 18.Kxf2 b5 19.gxf5 bxc4 
20.Rxc4 1-0

[Event "HCL-T259"]
[Site "www.playchess.de"]
[Date "2006.03.13"]
[Round "1"]
[White "puddschini"]
[Black "stevetilbury"]
[WhiteElo "2051"]
[BlackElo "1608"]
[PlyCount "56"]
[Result "1-0"]

1.d4 Nf6 2.c4 c5 3.d5 e6 4.Nc3 exd5 5.cxd5 d6 6.e4 
g6 7.f3 Bg7 8.Be3 O-O 9.Qd2 a6 10.a4 b6 11.Bd3 
Nbd7 12.Nge2 Ne5 13.O-O Bd7 14.Nf4 Nxd3 15.Qxd3 
Qc7 16.Qc4 Rab8 17.Qxa6 Rba8 18.Qc4 Rfb8 19.Nb5 
Bxb5 20.Qxb5 Nd7 21.Rac1 Ra5 22.Qc6 Qxc6 23.dxc6 
Ne5 24.c7 Rc8 25.Nd5 Kf8 26.b3 Nd7 27.Rfd1 b5 
28.Bd2 bxa4 1-0

[Event "HCL-E1453"]
[Site "www.playchess.de"]
[Date "2006.03.13"]
[Round "8"]
[White "Jareeh"]
[Black "icc17103"]
[WhiteElo "2000"]
[BlackElo "1576"]
[PlyCount "86"]
[Result "0-1"]

1.d4 d5 2.Nf3 e6 3.c4 c6 4.Nc3 Nf6 5.Bg5 Be7 6.e3 
Nbd7 7.Rc1 dxc4 8.Bxc4 Nb6 9.Bd3 Nbd5 10.O-O O-O 
11.Bb1 h6 12.Bxf6 Bxf6 13.Qc2 g6 14.e4 Ne7 15.e5 
Bg7 16.Ne4 Nf5 17.Rfd1 Qd5 18.Nf6+ Bxf6 19.exf6 
Qd8 20.g4 Nd6 21.Qc5 Qxf6 22.Ne5 Nb5 23.Rd3 Nc7 
24.Rf3 Qg7 25.Kg2 Nd5 26.Rg1 f5 27.Kf1 g5 28.a3 
Ne7 29.Qc2 Ng6 30.Nxg6 Qxg6 31.h4 Qg7 32.hxg5 hxg5 
33.Rh1 Rf6 34.Rfh3 b6 35.Ba2 {Happy New Year- 
2006}  Qg6 36.Qxc6 Ba6+ 37.Ke1 Rc8 38.R3h8+ Kg7 
39.Rxc8 Bxc8 40.Qxc8 Rf8 41.Qd7+ Kf6 42.Qxe6+ Kg7 
43.gxf5 Qe8 0-1

[Event "HCL-C4152"]
[Site "www.playchess.de"]
[Date "2006.03.13"]
[Round "6"]
[White "JMD"]
[Black "gronico"]
[WhiteElo "1300"]
[BlackElo "1199"]
[PlyCount "107"]
[Result "1/2-1/2"]

1.d4 {hello from Paris}  g6 {salut}  2.e4 Bg7 3.c3 
d6 4.Bc4 Nf6 5.f3 Nc6 6.Qb3 O-O 7.a4 a5 8.Ne2 e5 
9.d5 Ne7 10.O-O c6 11.Bg5 h6 12.Bxf6 Bxf6 13.dxc6 
Nxc6 14.Bd5 Bd7 15.Nd2 g5 {(offering draw)}  
16.Nc4 Qc7 17.Ng3 Kg7 18.Nh5+ Kg6 19.Nxf6 Kxf6 
20.Nb6 Rae8 21.Nxd7+ Qxd7 22.Qb6 Rea8 23.Qb3 Kg7 
24.Qd1 Ne7 25.c4 f5 26.exf5 Nxf5 27.Qd3 Ne7 28.Be4 
Nf5 29.b3 Qc7 30.Bxf5 Qb6+ 31.Kh1 Rf7 32.Be6 Rf6 
33.Bd5 Raf8 34.Rab1 g4 35.fxg4 R6xf1+ 36.Rxf1 Qxb3 
37.Qe2 Qxa4 38.h4 Qd7 39.Rxf8 Kxf8 40.Qf3+ Ke8 
{(offering draw)}  41.g5 hxg5 42.Qh5+ Kd8 43.Qxg5+ 
Kc7 44.h5 a4 45.h6 a3 46.Qg7 a2 47.Be6 a1Q+ 48.Kh2 
Qxg7 {(offering draw)}  49.hxg7 e4 {(offering 
draw)}  50.g8Q Qe5+ 51.Kg1 Qd4+ {(offering draw)}  
52.Kh2 Qe5+ {(offering draw) je crois que j'ai 
l'echec perpétuel...}  53.Kg1 Qa1+ 54.Kf2 
{(offering draw)}  1/2-1/2

[Event "HCL-C4148"]
[Site "www.playchess.de"]
[Date "2006.03.13"]
[Round "24"]
[White "Genesio"]
[Black "aussie"]
[WhiteElo "1067"]
[BlackElo "1095"]
[PlyCount "46"]
[Result "0-1"]

1.e4 {Welcome!}  e5 2.Nf3 Nc6 3.c3 d5 4.Qc2 Nf6 
5.d4 h6 6.Bb5 Bd7 7.Bxc6 Bxc6 8.Nxe5 dxe4 9.O-O 
Be7 10.Nxc6 bxc6 11.Bf4 O-O 12.Nd2 Bd6 13.Bxd6 
cxd6 14.Rfe1 d5 15.f4 Re8 16.Re3 Ng4 17.Rg3 Qh4 
18.Rxg4 Qxg4 19.g3 e3 20.Nf1 e2 21.Re1 exf1Q+ 
22.Rxf1 Re2 23.Qd1 Rae8 0-1

[Event "HCL-C4103"]
[Site "www.playchess.de"]
[Date "2006.03.13"]
[Round "10"]
[White "tbouma"]
[Black "JMD"]
[WhiteElo "1172"]
[BlackElo "1293"]
[PlyCount "114"]
[Result "0-1"]

1.d4 Nf6 {hello from Paris}  2.Bg5 Ne4 3.Bf4 d5 
4.e3 h6 5.Bd3 g5 6.Be5 f6 7.Bxe4 dxe4 8.Bg3 e6 
9.Ne2 h5 10.f3 h4 11.Bf2 exf3 12.gxf3 c6 13.Qd3 f5 
14.Nbc3 b6 15.O-O-O Ba6 16.Qd2 Bb4 17.Rhe1 Qd6 
18.a3 Qxh2 19.Bg1 Qc7 20.axb4 Bb5 21.Nxb5 cxb5 
22.Qd3 a6 23.e4 f4 24.d5 e5 25.d6 Qd7 26.Qd5 Nc6 
27.c3 Rc8 28.Bxb6 Kf8 29.Kb1 h3 30.Nc1 Rb8 31.Bc7 
Re8 32.Reg1 Rh5 33.Rg4 h2 34.Rh1 Re6 35.Rg2 Reh6 
36.Nd3 R6h7 37.Nxe5 Nxe5 38.Qxe5 g4 39.Qf6+ Rf7 
40.Qd8+ Qxd8 41.Bxd8 g3 42.Kc2 Rd7 43.Be7+ Kf7 
44.Kd3 Ke6 45.Ke2 Rh7 46.Kf1 Rg7 47.b3 Rg8 48.c4 
bxc4 49.bxc4 Rb8 50.Rb2 Rdb7 51.Kg2 R7xb4 52.Rxb4 
Rxb4 53.Rc1 Rb2+ 54.Kh3 Rf2 55.Bg5 g2 56.Kxh2 Rf1 
57.Bxf4 g1Q+ 0-1

[Event "HCL-A2626"]
[Site "www.playchess.de"]
[Date "2006.03.13"]
[Round "2"]
[White "scaper"]
[Black "patman"]
[WhiteElo "1526"]
[BlackElo "1700"]
[PlyCount "38"]
[Result "0-1"]

1.d4 Nf6 2.c4 e6 3.Nc3 Bb4 4.e3 b6 5.Qf3 Nc6 6.Bd3 
Ba6 7.Bd2 Na5 8.Ne4 Bxd2+ 9.Nxd2 d5 10.Rc1 O-O 
11.Nh3 c5 12.dxc5 bxc5 13.Qe2 dxc4 14.Nxc4 Bxc4 
15.Bxc4 Nxc4 16.Rxc4 Qa5+ 17.Kf1 Qxa2 18.Qc2 Rab8 
19.Rxc5 Rxb2 0-1

[Event "HCL-B3650"]
[Site "www.playchess.de"]
[Date "2006.03.13"]
[Round "11"]
[White "JMD"]
[Black "Genesio"]
[WhiteElo "1360"]
[BlackElo "1071"]
[PlyCount "99"]
[Result "1-0"]

1.d4 {hello again with pleasure}  Nf6 2.Bg5 d5 
3.Bxf6 exf6 4.e3 Bd6 5.Qh5 c6 6.Bd3 g6 7.Qh6 Bg4 
8.Qg7 Kd7 9.Qxf7+ Qe7 10.Qxe7+ Bxe7 11.h3 Be6 
12.g4 Re8 13.Nd2 b5 14.Nb3 Na6 15.c3 Rab8 16.a3 
Nc7 17.f4 Bd6 18.Ne2 f5 19.g5 a5 20.Nxa5 Na6 21.b4 
Reh8 22.h4 h5 23.Kf2 Rhe8 24.Bc2 Re7 25.a4 Kc7 
{(offering draw)}  26.axb5 cxb5 27.Nb3 Rb6 28.Ra5 
Kb8 29.Bd3 Ra7 30.Bxb5 Nxb4 31.Rxa7 Kxa7 32.Ra1+ 
Na6 33.Ra5 Kb7 34.Nec1 Nc7 35.Ba4 Ra6 36.Rxa6 Nxa6 
37.Nd3 Kb6 38.Ke2 Ba3 39.Kd1 Nb8 40.Kc2 Bd7 
41.Bxd7 Nxd7 42.Kb1 Kb5 43.Ka2 Kc4 44.Ne5+ Kxc3 
45.Nxd7 Bb4 46.Ne5 Kc2 47.Nxg6 Be1 48.Ne5 Bxh4 
49.Nf3 Bf2 50.g6 1-0

[Event "HCL-E1570"]
[Site "www.playchess.de"]
[Date "2006.03.13"]
[Round "8"]
[White "Marius_sah"]
[Black "alldrix"]
[WhiteElo "1596"]
[BlackElo "1624"]
[PlyCount "22"]
[Result "0-1"]

1.e4 {Hi. Good luck!}  e6 2.d4 d5 3.Nc3 Nf6 4.Bg5 
Be7 5.e5 Nfd7 6.Bxe7 Qxe7 7.f4 a6 8.Nf3 c5 9.Be2 
Nc6 10.O-O cxd4 11.Nxd4 Nxd4 0-1

[Event "HCL-E1546"]
[Site "www.playchess.de"]
[Date "2006.03.13"]
[Round "22"]
[White "Glomp"]
[Black "Marius_sah"]
[WhiteElo "1552"]
[BlackElo "1683"]
[PlyCount "21"]
[Result "1-0"]

1.e4 {Hello and good luck!}  e5 {Hi. Good luck!}  
2.Nf3 Nc6 3.Bb5 a6 4.Ba4 Nf6 5.O-O b5 6.Bb3 Be7 
7.d3 O-O 8.Re1 d5 9.exd5 Nxd5 10.Nxe5 Nxe5 
11.Rxe5 1-0

[Event "HCL-E1569"]
[Site "www.playchess.de"]
[Date "2006.03.13"]
[Round "18"]
[White "Marius_sah"]
[Black "Tarrega"]
[WhiteElo "1596"]
[BlackElo "1594"]
[PlyCount "26"]
[Result "0-1"]

1.e4 {Hi. Good luck!}  e6 2.d4 d5 3.Nc3 Nf6 4.e5 
Ne4 5.Nxe4 dxe4 6.Be3 c5 7.c3 Nd7 8.Bb5 cxd4 
9.Qxd4 a6 10.Bxd7+ Qxd7 11.Rd1 Qxd4 12.Rxd4 b5 
13.Rxe4 Bb7 0-1

[Event "HCL-E1551"]
[Site "www.playchess.de"]
[Date "2006.03.13"]
[Round "9"]
[White "Marius_sah"]
[Black "aadje"]
[WhiteElo "1683"]
[BlackElo "1850"]
[PlyCount "28"]
[Result "0-1"]

1.e4 {Hi. Good luck!}  c5 {Hey! Best of luck, 
greetings}  2.Nf3 Nc6 3.d4 cxd4 4.Nxd4 Nf6 5.Nc3 
d6 6.Bc4 Qb6 7.Nb3 e6 8.O-O Be7 9.Bf4 Ne5 10.Bxe5 
dxe5 11.Bb5+ Bd7 12.Bxd7+ Nxd7 13.Qg4 O-O 14.Rad1 
Qc7 0-1

[Event "HCL-E1464"]
[Site "www.playchess.de"]
[Date "2006.03.13"]
[Round "29"]
[White "pkchess"]
[Black "Glomp"]
[WhiteElo "1657"]
[BlackElo "1642"]
[PlyCount "125"]
[Result "1/2-1/2"]

1.e4 {Hello,have a good game.}  e5 {Thanks and 
good luck!}  2.Nf3 Nc6 3.d4 exd4 4.Nxd4 Bc5 5.Be3 
d6 6.Nxc6 bxc6 7.Bxc5 dxc5 8.Qxd8+ Kxd8 9.Bc4 Ke7 
10.O-O Nf6 11.Nc3 Re8 12.Rad1 Be6 13.Bxe6 Kxe6 
14.f3 Red8 15.Rxd8 Rxd8 16.Rd1 Rd6 17.Kf2 Nd7 
18.Ke2 Ne5 19.b3 f6 20.Na4 Nd7 21.Rd3 Rxd3 22.Kxd3 
Kd6 23.f4 Nb6 24.g4 c4+ 25.Kd4 cxb3 26.axb3 Nd7 
27.b4 Nb6 28.Nc5 h6 29.h4 Nc8 30.c4 Ne7 31.h5 Nc8 
32.f5 Ke7 33.Ne6 Nd6 34.Nxg7 Nf7 35.Ne6 Ne5 
36.Nxc7 Nxg4 37.Ne6 Nf2 38.b5 cxb5 39.cxb5 Ng4 
40.Kd5 Ne5 41.Nd4 Kd7 42.Nc6 Nd3 43.Nxa7 Nf4+ 
44.Kd4 Nxh5 45.b6 Ng7 46.Ke3 Ne8 47.Kf4 h5 48.e5 
fxe5+ 49.Kxe5 h4 50.Kf4 Nf6 51.Kf3 Kd6 52.Kg2 Kd7 
53.Kh3 Nd5 54.b7 Kc7 55.Kxh4 Kxb7 56.Nb5 Kc6 
57.Nd4+ Kd7 58.Kg5 Ke8 59.Ne6 Kf7 60.Nd8+ Ke8 
61.Ne6 Kf7 62.Nf4 Ne7 63.f6 {(offering draw) Nice 
game.There is no way now to avoid the draw at this 
point.}  1/2-1/2

[Event "HCL-B3650"]
[Site "www.playchess.de"]
[Date "2006.03.13"]
[Round "12"]
[White "Genesio"]
[Black "JMD"]
[WhiteElo "1071"]
[BlackElo "1360"]
[PlyCount "102"]
[Result "0-1"]

1.d4 Nf6 2.c4 g6 3.Nc3 Bg7 4.Bf4 Nh5 5.Be3 d6 6.g3 
h6 7.Bg2 c6 8.Nf3 f5 9.O-O e6 10.b3 g5 11.Rc1 f4 
12.Bd2 fxg3 13.hxg3 g4 14.Nh2 Nf6 15.f3 h5 16.fxg4 
h4 17.Bf4 hxg3 18.Bxg3 Bh6 19.Bf4 Bg7 20.e3 Nh7 
21.Qc2 O-O 22.Be4 Ng5 23.Bxg5 Qxg5 24.Bh7+ Kh8 
25.Rxf8+ Bxf8 26.Rf1 Bg7 27.Ne4 Qxe3+ 28.Nf2 Qxd4 
29.Nf3 Qf4 30.Nh2 Qh6 31.Qg6 Bd7 32.Ne4 Qxg6 
33.Bxg6 d5 34.Ng5 Na6 35.Nf7+ Kg8 36.Nf3 Be8 
37.N3g5 Nc7 38.Bh7+ Kf8 39.Nd6+ Ke7 40.Nxb7 
{(offering draw) draw?}  Rb8 41.Nc5 Bd4+ 42.Kg2 
Bxc5 43.Kf3 dxc4 44.bxc4 Rb4 45.Ne4 Rxc4 46.Nxc5 
Rxc5 47.Re1 Bf7 48.g5 Rxg5 49.Kf4 Ra5 50.Re2 Nd5+ 
51.Ke4 Nc3+ 0-1

[Event "ACL-T170"]
[Site "www.playchess.de"]
[Date "2006.03.13"]
[Round "15"]
[White "Lullo"]
[Black "taroak"]
[WhiteElo "2183"]
[BlackElo "1307"]
[PlyCount "31"]
[Result "1-0"]

1.d4 d5 2.c4 e6 3.Nf3 Nf6 4.g3 {Hi, have a nice 
game.}  Be7 5.Bg2 O-O {Thanks you too}  6.O-O Bd7 
7.Ne5 Be8 8.Nc3 Na6 9.cxd5 exd5 10.e4 dxe4 11.Nxe4 
Nxe4 12.Bxe4 c6 13.Qg4 Bf6 14.Bh6 Qxd4 15.Bxh7+ 
Kxh7 16.Qxd4 1-0

[Event "HCL-C4020"]
[Site "www.playchess.de"]
[Date "2006.03.13"]
[Round "14"]
[White "alauddin"]
[Black "Peter_Richard"]
[WhiteElo "938"]
[BlackElo "976"]
[PlyCount "78"]
[Result "0-1"]

1.d4 {hi there!}  d5 2.Nc3 Nf6 3.Bg5 c6 4.Bxf6 
exf6 5.Nf3 Bb4 6.Qd2 O-O 7.a3 Bd6 8.e4 Re8 9.O-O-O 
Nd7 10.exd5 cxd5 11.Nxd5 b6 12.Bd3 Bb7 13.Be4 Rxe4 
14.Ne3 Re8 15.d5 g6 16.h4 h5 17.Nc4 Bc5 18.Nh2 Ne5 
19.Nxe5 fxe5 20.g4 Qxh4 21.Nf3 Qxg4 22.Nh4 Rad8 
23.f3 Qf4 24.Qxf4 exf4 25.Ng2 Bxd5 26.Rhf1 g5 
27.b4 Be3+ 28.Kb1 a6 29.Kb2 Be6 30.Rdb1 Rdc8 31.c3 
Rc7 32.Ne1 Rec8 33.Ka1 R7xc3 34.Rd1 Rxa3+ 35.Kb2 
Rcc3 36.Rd8+ Kg7 37.Rb8 Rcb3+ 38.Kc2 Ra2+ 39.Kd1 
Rb1+ 0-1

[Event "HCL-E1525"]
[Site "www.playchess.de"]
[Date "2006.03.14"]
[Round "12"]
[White "Spotsychess"]
[Black "Glomp"]
[WhiteElo "1474"]
[BlackElo "1598"]
[PlyCount "65"]
[Result "1/2-1/2"]

1.e4 c5 {Merry Christmas!}  2.Nc3 {Merry Christmas 
to you}  Nc6 3.Nf3 Nf6 4.d3 g6 5.Be2 d6 6.O-O Bg7 
7.Rb1 O-O 8.a3 a6 9.Nd5 Nxd5 10.exd5 Nd4 11.Nxd4 
Bxd4 12.Be3 Bg7 13.c4 b5 14.b3 Qc7 15.a4 b4 16.h3 
a5 17.d4 cxd4 18.Bxd4 Bf5 19.Bxg7 Kxg7 20.Qd4+ f6 
21.Rb2 Qc5 22.Qxc5 dxc5 23.f3 Rad8 24.Re1 Bc8 
25.Bf1 Rfe8 26.Re3 e6 27.Rbe2 e5 28.Kf2 Kf7 
29.R2e1 Ke7 30.Bd3 Kd6 31.g4 Re7 32.Kg3 Rde8 
33.Bc2 {(offering draw)}  1/2-1/2

[Event "HCL-E1551"]
[Site "www.playchess.de"]
[Date "2006.03.14"]
[Round "2"]
[White "aadje"]
[Black "fosca"]
[WhiteElo "1850"]
[BlackElo "2100"]
[PlyCount "39"]
[Result "1-0"]

1.d4 {gg & greetings}  d5 2.c4 e6 3.Nf3 c6 4.Qc2 
Bd6 5.Bg5 f6 6.Bh4 Ne7 7.Bg3 Nf5 8.Bxd6 Nxd6 9.e3 
Nd7 10.cxd5 cxd5 11.Nc3 O-O 12.Bd3 f5 13.O-O b6 
14.Nb5 Nxb5 15.Bxb5 Bb7 16.Rfc1 Nf6 {(offering 
draw)}  17.Qc7 Rf7 18.Qxd8+ Rxd8 19.Ne5 Re7 
20.a4 1-0

[Event "HCL-A2624"]
[Site "www.playchess.de"]
[Date "2006.03.14"]
[Round "6"]
[White "archship"]
[Black "bob19"]
[WhiteElo "1319"]
[BlackElo "1480"]
[PlyCount "82"]
[Result "0-1"]

1.e4 c5 2.Nf3 d6 3.c3 Nc6 4.Bb5 Bd7 5.O-O a6 6.Ba4 
b5 7.Bb3 c4 8.Bc2 e5 9.d4 Bg4 10.Nbd2 Nf6 11.h3 
Bh5 12.b3 exd4 13.cxd4 Nxd4 14.bxc4 Be7 15.Bb3 
Nxb3 16.Qxb3 bxc4 17.Nxc4 O-O 18.e5 dxe5 19.Ncxe5 
Qd5 20.Qxd5 Nxd5 21.g4 Bg6 22.Nxg6 fxg6 23.Nh2 Nf4 
24.Bxf4 Rxf4 25.Rae1 Bc5 26.Re2 Raf8 27.g5 R4f5 
28.h4 R5f4 29.Kg2 Rxh4 30.Nf3 Rg4+ 31.Kh3 Rgf4 
32.Ne5 R4xf2 33.Rfe1 Rxe2 34.Rxe2 Re8 35.Kg4 Bd6 
36.Kf4 Rxe5 37.Rxe5 Bxe5+ 38.Kxe5 h5 39.Kf4 Kf7 
40.a4 Ke6 41.a5 {(offering draw)}  Kd5 {I"ll take 
the win
}  0-1

[Event "HCL-A2434"]
[Site "www.playchess.de"]
[Date "2006.03.14"]
[Round "32"]
[White "carbug"]
[Black "Michael_Lloyd"]
[WhiteElo "1506"]
[BlackElo "1471"]
[PlyCount "89"]
[Result "1/2-1/2"]

1.e4 {Good luck to you, Michael}  c5 {And to you 
too}  2.d4 cxd4 3.c3 dxc3 4.Nxc3 Nc6 5.Nf3 d6 
6.Bc4 Nf6 7.e5 dxe5 8.Qxd8+ Nxd8 9.Nb5 Rb8 10.Nxe5 
e6 11.Nc7+ Ke7 12.Be3 Kd6 13.Bf4 Kxc7 14.Nxf7+ Kb6 
15.Nxd8 Bb4+ 16.Kf1 Ra8 17.Nxe6 Bxe6 18.Bxe6 Rhe8 
19.Be3+ Bc5 20.Bxc5+ Kxc5 21.Rc1+ Kd6 22.Bh3 Re7 
23.Re1 Rxe1+ 24.Kxe1 Re8+ 25.Kf1 Ne4 26.f3 Ng5 
27.Bg4 Ke5 28.Kf2 Kf6 29.Rd1 Re7 30.Rd7 Rxd7 
31.Bxd7 Ke5 32.Ke3 Nf7 33.h4 h6 34.f4+ Kd5 35.g4 
b6 36.f5 Ne5 37.Be6+ Kd6 38.Kf4 Nd3+ 39.Ke4 Nxb2 
40.g5 hxg5 41.hxg5 a5 42.Kd4 Na4 43.Bc4 Nc5 44.a3 
Nd7 45.f6 {(offering draw)}  1/2-1/2

[Event "ACL-T174"]
[Site "www.playchess.de"]
[Date "2006.03.14"]
[Round "2"]
[White "spidey"]
[Black "DaLyrik"]
[WhiteElo "1500"]
[BlackElo "1500"]
[PlyCount "23"]
[Result "1-0"]

1.d4 Nf6 2.c4 g6 3.Nc3 Bg7 4.e4 d6 5.Nf3 Bg4 6.Be2 
Bxf3 7.Bxf3 O-O 8.e5 dxe5 9.dxe5 Qxd1+ 10.Kxd1 c6 
11.exf6 Bxf6 12.Ne4 1-0

[Event "HCL-M864"]
[Site "www.playchess.de"]
[Date "2006.03.14"]
[Round "20"]
[White "steinzell"]
[Black "Nigel"]
[WhiteElo "1794"]
[BlackElo "2126"]
[PlyCount "94"]
[Result "1/2-1/2"]

1.Nf3 {hello, good luck}  d5 {same to you.}  2.d4 
Nf6 3.c4 e6 4.Nc3 Bb4 5.Bg5 h6 6.Bxf6 Qxf6 7.e3 
O-O 8.Qb3 Nc6 9.cxd5 exd5 10.Qxd5 Qg6 11.Rc1 Rd8 
12.Qb3 Be6 13.Qc2 Qxc2 14.Rxc2 Bxa2 15.Be2 Be6 
16.O-O a6 17.Rcc1 Rab8 18.Ne4 Bd5 19.Nc5 a5 20.h3 
Rde8 21.Nd3 Bd6 22.Nfe5 Rbd8 23.Nxc6 Bxc6 24.Nc5 
Re7 25.Bf3 Bxf3 26.gxf3 Rb8 27.Ne4 Bb4 28.Rc4 Rd8 
29.Rfc1 c6 30.Nc5 g6 31.Nd3 Bd6 32.f4 Kg7 33.Kg2 
Bb8 34.Kf3 Bc7 35.b3 h5 36.Nc5 Bd6 37.Nd3 Rde8 
38.Ra1 Bc7 39.Rac1 Rd8 40.R4c2 Bb6 41.R2c4 Bc7 
42.R4c2 Kh6 43.Rg1 Rd5 44.Rc5 Rxc5 45.Nxc5 Bb6 
46.Rc1 Bd8 47.Nd3 Kg7 {(offering draw)} 
 1/2-1/2

[Event "HCL-B3876"]
[Site "www.playchess.de"]
[Date "2006.03.14"]
[Round "7"]
[White "Mister_Bojangles"]
[Black "arsenius"]
[WhiteElo "1401"]
[BlackElo "891"]
[PlyCount "73"]
[Result "1-0"]

1.e4 {Best of luck.}  e6 2.d4 d5 3.e5 c5 4.Be3 
cxd4 5.Bxd4 Nc6 6.Bb5 Bd7 7.Nf3 a6 8.Bxc6 bxc6 
9.b3 c5 10.Be3 Ne7 11.Bxc5 Qa5+ 12.b4 Qb5 13.Nc3 
Qc6 14.O-O g6 15.a4 Bg7 16.Re1 O-O 17.Bxe7 Rfe8 
18.Bc5 f6 19.exf6 Bxf6 20.Ne5 Bxe5 21.Rxe5 a5 
22.Qd4 Ref8 23.Bxf8 Kxf8 24.b5 Qc8 25.Nxd5 exd5 
26.Rxd5 Be8 27.c4 Bf7 28.Rc5 Qe8 29.Kf1 Rd8 30.Qf6 
Rd2 31.Re1 Qd7 32.f3 Qd3+ 33.Kg1 Qd4+ 34.Qxd4 Rxd4 
35.Rc8+ Kg7 36.b6 Bxc4 37.b7 1-0

[Event "HCL-E1597"]
[Site "www.playchess.de"]
[Date "2006.03.14"]
[Round "7"]
[White "redstar"]
[Black "badplayer"]
[WhiteElo "1654"]
[BlackElo "1610"]
[PlyCount "37"]
[Result "1-0"]

1.e4 c5 2.Nf3 d6 3.d4 cxd4 4.Nxd4 Nf6 5.Nc3 a6 
6.Be2 e6 7.Be3 Be7 8.O-O Nbd7 9.f4 Qc7 10.Qe1 b5 
11.a3 Bb7 12.Bf3 Rc8 13.Qg3 Kf8 14.e5 Nd5 15.Bxd5 
Bxd5 16.f5 Kg8 17.f6 Bf8 18.fxg7 Bxg7 
19.Bh6 1-0